Name all UK Birds of Prey - Statistics

General Stats
  • This quiz has been taken 44 times
  • The average score is 17 of 24
Answer Stats
Hint Answer % Correct
Barn Owl
95%
Osprey Osprey
95%
Kites Red Kite
95%
Buzzards Buzzard
84%
Eagles Golden Eagle
84%
Peregrine Falcon
84%
Honey Buzzard Honey Buzzard
78%
Tawny Owl
78%
Kestrel
76%
Owls Little Owl
73%
White-Tailed Eagle
73%
Black Kite
68%
Falcons Hobby
68%
Marsh Harrier
68%
Hawks Sparrowhawk
68%
Goshawk
65%
Harriers Hen Harrier
65%
Long-Eared Owl
65%
Merlin
65%
Short-Eared Owl
59%
Eagle Owl
57%
Montagu's Harrier
43%
Rough-Legged Buzzard
41%
Red-Footed Falcon
35%
No matching quizzes found
Score Distribution
Percent of People with Each Score
Percentile by Number Answered
Your Score History
You have not taken this quiz